State Capitals You Can't Fly To Quiz Stats

 Plays Quiz Updated Sep 23, 2014

Challenge
Share
Tweet
Embed
Score 0/10 Timer 04:00
4 Plays Today
% Correct
Montpelier
82.3%
Concord
75.3%
Carson City
74.9%
Frankfort
72.3%
Dover
72%
Olympia
67.7%
Jefferson City
67.7%
Annapolis
65.7%
Salem
63.7%
Topeka
46.7%

You're not logged in!

Compare scores with friends on all Sporcle quizzes.
OR
Log In

You Might Also Like...

Show Comments

Extras

Top Quizzes Today


Score Distribution

Your Account Isn't Verified!

In order to create a playlist on Sporcle, you need to verify the email address you used during registration. Go to your Sporcle Settings to finish the process.

Report this User

Report this user for behavior that violates our Community Guidelines.

Details: